| 000 | 00565nam a22001577a 4500 | ||
|---|---|---|---|
| 020 | _qHard Cover. | ||
| 082 | _a621 | ||
| 100 | _aIshfaque, Asif | ||
| 245 |
_aEmbedded computational intelligence based development of brain control interface for 2-DOF robotic manipulator for upper Limb / _cAsif Ishfaque. |
||
| 260 |
_aIslamabad: _bCEME - NUST, _c2013. |
||
| 300 |
_a72 p. : _bill. ; _c30cm. |
||
| 650 |
_aMacatronics Engineering MS-Thesis. _934742 |
||
| 700 |
_aDr. Javid Iqbal _919362 |
||
| 942 |
_2ddc _cTHE |
||
| 999 |
_c540620 _d540620 |
||